[Event "World Chess Olympiad 2018"]
[Site "Batumi"]
[Date "2018.09.28"]
[Round "5"]
[Board "1"]
[WhiteFideId "14200244"]
[White "Kasimdzhanov Rustam"]
[BlackFideId "9400249"]
[Black "Al-Zendani Zendan"]
[Result "1-0"]
[LiveChessVersion "1.4.8"]
[BlackElo "2301"]
[WhiteElo "2662"]

1. e4 {[%clk 1:30:59]} e5 {[%clk 1:30:44]} 2. Nf3 {[%clk 1:31:24]} Nc6
{[%clk 1:30:49]} 3. Bb5 {[%clk 1:31:48]} a6 {[%clk 1:31:10]} 4. Ba4
{[%clk 1:32:14]} Nf6 {[%clk 1:31:25]} 5. O-O {[%clk 1:32:31]} b5 {[%clk 1:31:05]}
6. Bb3 {[%clk 1:32:55]} Be7 {[%clk 1:31:05]} 7. d4 {[%clk 1:30:48]} d6
{[%clk 1:24:38]} 8. c3 {[%clk 1:30:55]} O-O {[%clk 1:24:43]} 9. Nbd2
{[%clk 1:25:22]} Bg4 {[%clk 1:19:26]} 10. h3 {[%clk 1:22:04]} Bh5
{[%clk 1:16:28]} 11. d5 {[%clk 1:22:06]} Nb8 {[%clk 1:15:32]} 12. Re1
{[%clk 1:19:26]} c6 {[%clk 1:08:32]} 13. dxc6 {[%clk 1:19:20]} Nxc6
{[%clk 1:08:49]} 14. Nf1 {[%clk 1:19:44]} Na5 {[%clk 1:04:10]} 15. Bc2
{[%clk 1:16:46]} Qc7 {[%clk 0:57:12]} 16. Ng3 {[%clk 1:10:38]} Bg6
{[%clk 0:57:14]} 17. Nh4 {[%clk 1:06:35]} Rad8 {[%clk 0:47:16]} 18. Ngf5
{[%clk 1:02:16]} d5 {[%clk 0:44:07]} 19. Nxg6 {[%clk 0:58:46]} fxg6
{[%clk 0:34:58]} 20. Nxe7+ {[%clk 0:55:08]} Qxe7 {[%clk 0:35:23]} 21. exd5
{[%clk 0:35:04]} Nxd5 {[%clk 0:32:24]} 22. Qe2 {[%clk 0:34:05]} Qh4
{[%clk 0:24:50]} 23. Bb3 {[%clk 0:31:58]} Kh8 {[%clk 0:23:47]} 24. Bxd5
{[%clk 0:29:44]} Rxd5 {[%clk 0:24:11]} 25. b3 {[%clk 0:30:09]} Nc6
{[%clk 0:22:02]} 26. Be3 {[%clk 0:27:57]} e4 {[%clk 0:13:01]} 27. Rad1
{[%clk 0:23:17]} Rfd8 {[%clk 0:06:21]} 28. Rxd5 {[%clk 0:22:15]} Rxd5
{[%clk 0:06:45]} 29. c4 {[%clk 0:20:58]} Rd3 {[%clk 0:04:42]} 1-0

[Event "World Chess Olympiad 2018"]
[Site "Batumi"]
[Date "2018.09.28"]
[Round "5"]
[Board "2"]
[WhiteFideId "9400176"]
[White "Al Badani Abdu"]
[BlackFideId "14204118"]
[Black "Abdusattorov Nodirbek"]
[Result "0-1"]
[LiveChessVersion "1.4.8"]
[BlackElo "2558"]
[WhiteElo "2195"]

1. e4 {[%clk 1:30:54]} c5 {[%clk 1:30:50]} 2. d4 {[%clk 1:31:09]} cxd4
{[%clk 1:31:06]} 3. c3 {[%clk 1:31:34]} dxc3 {[%clk 1:29:19]} 4. Nxc3
{[%clk 1:28:20]} d6 {[%clk 1:28:45]} 5. Bc4 {[%clk 1:26:29]} e6 {[%clk 1:29:00]}
6. Nf3 {[%clk 1:26:53]} Nc6 {[%clk 1:28:18]} 7. O-O {[%clk 1:27:16]} Be7
{[%clk 1:25:47]} 8. Qe2 {[%clk 1:27:32]} Nf6 {[%clk 1:20:55]} 9. Rd1
{[%clk 1:26:13]} e5 {[%clk 1:15:43]} 10. h3 {[%clk 1:23:16]} h6 {[%clk 1:14:57]}
11. b4 {[%clk 1:19:47]} O-O {[%clk 1:11:07]} 12. b5 {[%clk 0:51:37]} Na5
{[%clk 1:11:17]} 13. Bd3 {[%clk 0:51:36]} Be6 {[%clk 1:10:12]} 14. Nd2
{[%clk 0:34:51]} Rc8 {[%clk 1:08:14]} 15. Bb2 {[%clk 0:34:56]} Nd7
{[%clk 1:07:23]} 16. Rac1 {[%clk 0:35:04]} Nc5 {[%clk 1:03:43]} 17. Bb1
{[%clk 0:35:20]} Bg5 {[%clk 1:03:50]} 18. Ba1 {[%clk 0:34:51]} b6
{[%clk 0:54:05]} 19. Kh2 {[%clk 0:34:07]} Kh8 {[%clk 0:52:37]} 20. g3
{[%clk 0:30:26]} Qd7 {[%clk 0:46:30]} 21. h4 {[%clk 0:27:59]} Bxd2
{[%clk 0:46:32]} 22. Rxd2 {[%clk 0:28:05]} Nc4 {[%clk 0:42:41]} 23. f4
{[%clk 0:17:19]} Nxd2 {[%clk 0:42:12]} 24. Qxd2 {[%clk 0:17:42]} f5
{[%clk 0:42:15]} 25. Rd1 {[%clk 0:18:01]} exf4 {[%clk 0:41:44]} 26. gxf4
{[%clk 0:17:19]} fxe4 {[%clk 0:42:04]} 27. Rg1 {[%clk 0:17:26]} Qe7
{[%clk 0:41:01]} 28. Qf2 {[%clk 0:15:08]} Nd3 {[%clk 0:38:39]} 29. Bxd3
{[%clk 0:11:27]} exd3 {[%clk 0:37:36]} 30. Qg3 {[%clk 0:10:24]} Rc4
{[%clk 0:36:24]} 31. Rg2 {[%clk 0:07:16]} Rcxf4 {[%clk 0:36:29]} 32. Nd1
{[%clk 0:06:05]} Rg4 {[%clk 0:36:31]} 0-1

[Event "World Chess Olympiad 2018"]
[Site "Batumi"]
[Date "2018.09.28"]
[Round "5"]
[Board "3"]
[WhiteFideId "14200287"]
[White "Khoroshev Nikita"]
[BlackFideId "9400338"]
[Black "Al-Aqrabi Saleh"]
[Result "1-0"]
[LiveChessVersion "1.4.8"]
[BlackElo "2158"]
[WhiteElo "2416"]

1. d4 {[%clk 1:30:36]} d5 {[%clk 1:30:47]} 2. Nf3 {[%clk 1:30:59]} c6
{[%clk 1:31:07]} 3. Bf4 {[%clk 1:31:03]} Bf5 {[%clk 1:31:25]} 4. e3
{[%clk 1:31:06]} e6 {[%clk 1:31:44]} 5. c4 {[%clk 1:31:12]} Nd7 {[%clk 1:31:33]}
6. Nc3 {[%clk 1:31:11]} Ngf6 {[%clk 1:31:45]} 7. Qb3 {[%clk 1:31:30]} Qb6
{[%clk 1:31:50]} 8. c5 {[%clk 1:31:52]} Qxb3 {[%clk 1:31:48]} 9. axb3
{[%clk 1:32:21]} a6 {[%clk 1:31:57]} 10. b4 {[%clk 1:32:45]} Rc8 {[%clk 1:31:01]}
11. h3 {[%clk 1:25:37]} h6 {[%clk 1:29:32]} 12. Nd2 {[%clk 1:24:49]} Be7
{[%clk 1:29:10]} 13. Nb3 {[%clk 1:22:02]} Bd8 {[%clk 1:29:38]} 14. Na5
{[%clk 1:21:50]} Bxa5 {[%clk 1:29:02]} 15. bxa5 {[%clk 1:22:04]} O-O
{[%clk 1:23:28]} 16. f3 {[%clk 1:18:46]} Rfe8 {[%clk 1:16:45]} 17. Kd2
{[%clk 1:19:00]} e5 {[%clk 1:16:08]} 18. Bh2 {[%clk 1:19:25]} Re7
{[%clk 1:13:43]} 19. Ra4 {[%clk 1:18:28]} Ne8 {[%clk 1:03:51]} 20. Rb4
{[%clk 1:11:08]} Rb8 {[%clk 1:04:00]} 21. g4 {[%clk 1:09:28]} Bg6
{[%clk 1:02:24]} 22. Bxe5 {[%clk 1:00:30]} Rxe5 {[%clk 0:56:51]} 23. dxe5
{[%clk 1:00:51]} Nxc5 {[%clk 0:56:54]} 24. Be2 {[%clk 0:56:01]} Nc7
{[%clk 0:56:48]} 25. Rc1 {[%clk 0:54:32]} N5e6 {[%clk 0:39:10]} 26. Na4
{[%clk 0:50:16]} Nb5 {[%clk 0:39:00]} 27. Nc5 {[%clk 0:49:28]} Nxc5
{[%clk 0:33:08]} 28. Rxc5 {[%clk 0:49:51]} Ra8 {[%clk 0:33:27]} 29. Rb3
{[%clk 0:43:29]} Kf8 {[%clk 0:33:24]} 30. Bxb5 {[%clk 0:43:04]} axb5
{[%clk 0:33:49]} 31. Ra3 {[%clk 0:43:32]} Ra6 {[%clk 0:33:31]} 32. b4
{[%clk 0:43:57]} Ke7 {[%clk 0:33:50]} 33. Rc1 {[%clk 0:40:35]} Ke6
{[%clk 0:33:57]} 34. f4 {[%clk 0:40:56]} Be4 {[%clk 0:33:12]} 35. Kc3
{[%clk 0:41:07]} Kd7 {[%clk 0:24:07]} 36. Kd4 {[%clk 0:39:29]} Kc7
{[%clk 0:23:48]} 37. Raa1 {[%clk 0:38:06]} Ra8 {[%clk 0:18:43]} 38. Rg1
{[%clk 0:38:00]} Rh8 {[%clk 0:10:53]} 39. a6 {[%clk 0:35:42]} b6 {[%clk 0:10:52]}
40. a7 {[%clk 1:06:02]} Ra8 {[%clk 0:41:15]} 41. Ra2 {[%clk 1:01:55]} Kb7
{[%clk 0:38:14]} 42. Rc1 {[%clk 1:02:19]} Kc7 {[%clk 0:31:48]} 43. Ra3
{[%clk 1:01:01]} Kb7 {[%clk 0:32:15]} 44. f5 {[%clk 1:01:01]} Bf3
{[%clk 0:23:09]} 45. e6 {[%clk 1:01:07]} f6 {[%clk 0:17:15]} 46. Rac3
{[%clk 1:00:37]} Rxa7 {[%clk 0:13:58]} 47. Rxc6 {[%clk 1:01:01]} Ra3
{[%clk 0:14:08]} 48. Rc7+ {[%clk 1:00:41]} Ka6 {[%clk 0:14:36]} 49. e7
{[%clk 0:58:44]} Be4 {[%clk 0:14:40]} 50. R7c3 {[%clk 0:58:38]} Ra2
{[%clk 0:14:32]} 51. Rd3 1-0

[Event "World Chess Olympiad 2018"]
[Site "Batumi"]
[Date "2018.09.28"]
[Round "5"]
[Board "4"]
[WhiteFideId "9400133"]
[White "Al-Subaihi Khalil"]
[BlackFideId "14200104"]
[Black "Iuldachev Saidali"]
[Result "0-1"]
[LiveChessVersion "1.4.8"]
[BlackElo "2445"]
[WhiteElo "2106"]

1. e4 {[%clk 1:30:51]} e5 {[%clk 1:30:55]} 2. Nf3 {[%clk 1:30:54]} Nc6
{[%clk 1:31:17]} 3. d4 {[%clk 1:28:31]} exd4 {[%clk 1:31:39]} 4. Bc4
{[%clk 1:28:54]} Nf6 {[%clk 1:31:59]} 5. e5 {[%clk 1:28:18]} d5 {[%clk 1:31:58]}
6. Bb5 {[%clk 1:28:39]} Ne4 {[%clk 1:32:21]} 7. Nxd4 {[%clk 1:28:52]} Bd7
{[%clk 1:32:41]} 8. Bxc6 {[%clk 1:29:15]} bxc6 {[%clk 1:33:06]} 9. O-O
{[%clk 1:29:34]} Bc5 {[%clk 1:32:44]} 10. Be3 {[%clk 1:29:40]} Bb6
{[%clk 1:32:25]} 11. f3 {[%clk 1:29:10]} Ng5 {[%clk 1:32:47]} 12. Qd2
{[%clk 1:29:19]} h6 {[%clk 1:30:50]} 13. c3 {[%clk 1:24:13]} O-O {[%clk 1:25:12]}
14. Kh1 {[%clk 1:17:24]} Qe7 {[%clk 1:15:06]} 15. Na3 {[%clk 1:02:29]} c5
{[%clk 1:14:35]} 16. Ndc2 {[%clk 0:41:21]} Rad8 {[%clk 1:01:30]} 17. Qf2
{[%clk 0:28:45]} Bf5 {[%clk 0:58:24]} 18. Rad1 {[%clk 0:27:15]} Ne6
{[%clk 0:55:54]} 19. Rd2 {[%clk 0:10:38]} Rd7 {[%clk 0:49:12]} 20. Rfd1
{[%clk 0:05:13]} Rfd8 {[%clk 0:49:27]} 21. Qg3 {[%clk 0:05:10]} Bg6
{[%clk 0:47:49]} 22. Bg1 {[%clk 0:03:53]} c6 {[%clk 0:32:53]} 23. h3
{[%clk 0:03:23]} Bc7 {[%clk 0:30:54]} 24. f4 {[%clk 0:02:23]} Be4
{[%clk 0:30:43]} 25. Ne3 {[%clk 0:02:20]} f5 {[%clk 0:29:04]} 26. Qf2
{[%clk 0:01:56]} Qe8 {[%clk 0:26:27]} 27. Nf1 {[%clk 0:01:51]} Qh5
{[%clk 0:11:23]} 28. Kh2 {[%clk 0:02:13]} g5 {[%clk 0:11:35]} 29. g3
{[%clk 0:01:10]} Rg7 {[%clk 0:11:26]} 30. Qe3 {[%clk 0:00:41]} Re8
{[%clk 0:10:41]} 31. fxg5 Nxg5 {[%clk 0:10:44]} 0-1

[Event "World Chess Olympiad 2018"]
[Site "Batumi"]
[Date "2018.09.28"]
[Round "5"]
[Board "1"]
[WhiteFideId "14114496"]
[White "Yarmonov Igor"]
[BlackFideId "6702309"]
[Black "Giron Jorge Ernesto"]
[Result "1-0"]
[LiveChessVersion "1.4.8"]
[BlackElo "2303"]
[WhiteElo "2376"]

1. d4 {[%clk 1:30:48]} Nf6 {[%clk 1:30:22]} 2. Nf3 {[%clk 1:31:12]} e6
{[%clk 1:30:19]} 3. Bf4 {[%clk 1:30:53]} c5 {[%clk 1:30:19]} 4. e3
{[%clk 1:31:17]} Nd5 {[%clk 1:30:21]} 5. Bg3 {[%clk 1:30:00]} Qb6
{[%clk 1:29:34]} 6. Qc1 {[%clk 1:30:27]} Nc6 {[%clk 1:26:20]} 7. c3
{[%clk 1:30:51]} Nf6 {[%clk 1:22:46]} 8. Nbd2 {[%clk 1:30:34]} d5
{[%clk 1:23:03]} 9. Bd3 {[%clk 1:30:39]} Be7 {[%clk 1:22:55]} 10. O-O
{[%clk 1:30:28]} O-O {[%clk 1:23:16]} 11. dxc5 {[%clk 1:29:53]} Bxc5
{[%clk 1:23:40]} 12. e4 {[%clk 1:29:52]} a5 {[%clk 1:13:34]} 13. Qc2
{[%clk 1:25:13]} h6 {[%clk 1:13:58]} 14. a4 {[%clk 1:22:03]} Bd7 {[%clk 1:12:24]}
15. exd5 {[%clk 1:21:10]} Nxd5 {[%clk 1:08:49]} 16. Bb5 {[%clk 1:19:51]} Be7
{[%clk 1:07:02]} 17. Nc4 {[%clk 1:16:56]} Qc5 {[%clk 1:07:26]} 18. Nfd2
{[%clk 1:15:35]} Rac8 {[%clk 1:04:18]} 19. Nb3 {[%clk 1:09:02]} Qa7
{[%clk 1:04:45]} 20. Ncxa5 {[%clk 1:04:57]} Nxa5 {[%clk 1:03:08]} 21. Bxd7
{[%clk 1:03:55]} Nb4 {[%clk 0:49:20]} 22. Qd1 {[%clk 1:02:29]} Rcd8
{[%clk 0:49:46]} 23. Nxa5 {[%clk 1:02:36]} b6 {[%clk 0:50:09]} 24. cxb4
{[%clk 0:55:30]} bxa5 {[%clk 0:50:26]} 25. b5 {[%clk 0:55:38]} Rxd7
{[%clk 0:50:47]} 26. Qc2 {[%clk 0:55:40]} Rfd8 {[%clk 0:49:48]} 27. Rad1
{[%clk 0:53:38]} Bc5 {[%clk 0:48:51]} 28. Rxd7 {[%clk 0:52:38]} Rxd7
{[%clk 0:49:18]} 29. h3 {[%clk 0:50:03]} Rd5 {[%clk 0:47:14]} 30. Rd1
{[%clk 0:46:18]} Rxd1+ {[%clk 0:47:06]} 31. Qxd1 {[%clk 0:46:44]} Bd4
{[%clk 0:47:33]} 32. Qc2 {[%clk 0:45:46]} e5 {[%clk 0:47:10]} 33. Bxe5
{[%clk 0:45:34]} 1-0

[Event "World Chess Olympiad 2018"]
[Site "Batumi"]
[Date "2018.09.28"]
[Round "5"]
[Board "2"]
[WhiteFideId "6700640"]
[White "Arias Daniel"]
[BlackFideId "13503391"]
[Black "Gurbanov Andrei"]
[Result "0-1"]
[LiveChessVersion "1.4.8"]
[BlackElo "2305"]
[WhiteElo "2274"]

1. e4 e5 {[%clk 1:30:46]} 2. Nf3 {[%clk 1:30:48]} Nc6 {[%clk 1:31:11]} 3. Bb5
{[%clk 1:31:13]} a6 {[%clk 1:31:37]} 4. Ba4 {[%clk 1:31:34]} Bc5 {[%clk 1:31:59]}
5. O-O {[%clk 1:31:47]} d6 {[%clk 1:32:03]} 6. c3 {[%clk 1:30:39]} Ba7
{[%clk 1:32:04]} 7. d3 {[%clk 1:29:55]} Nf6 {[%clk 1:32:04]} 8. Nbd2
{[%clk 1:29:41]} O-O {[%clk 1:32:18]} 9. h3 {[%clk 1:29:27]} Ne7 {[%clk 1:32:37]}
10. Re1 {[%clk 1:29:43]} Ng6 {[%clk 1:32:52]} 11. Nf1 {[%clk 1:29:54]} Nh5
{[%clk 1:31:06]} 12. Bg5 {[%clk 1:18:30]} f6 {[%clk 1:28:31]} 13. Bb3+
{[%clk 1:16:50]} Kh8 {[%clk 1:28:47]} 14. Be3 {[%clk 1:15:30]} Nhf4
{[%clk 1:29:07]} 15. Ng3 {[%clk 1:13:58]} f5 {[%clk 1:25:32]} 16. exf5
{[%clk 0:53:43]} Bxf5 {[%clk 1:25:47]} 17. Nxf5 {[%clk 0:53:07]} Rxf5
{[%clk 1:26:11]} 18. Bxa7 {[%clk 0:33:44]} Rxa7 {[%clk 1:25:39]} 19. d4
{[%clk 0:34:09]} Qf6 {[%clk 1:15:50]} 20. Bc2 {[%clk 0:21:30]} Nxh3+
{[%clk 1:04:09]} 21. Kf1 {[%clk 0:21:21]} Rf4 {[%clk 1:04:04]} 22. Bxg6
{[%clk 0:20:33]} hxg6 {[%clk 1:02:40]} 23. dxe5 {[%clk 0:20:38]} dxe5
{[%clk 0:54:14]} 24. Rxe5 {[%clk 0:07:45]} Ra8 {[%clk 0:53:14]} 25. Re3
{[%clk 0:07:03]} Rf8 {[%clk 0:52:45]} 26. Qd5 {[%clk 0:03:36]} c6
{[%clk 0:48:00]} 27. Qd7 {[%clk 0:01:33]} Ng5 {[%clk 0:45:37]} 28. Nxg5
{[%clk 0:01:40]} Rxf2+ {[%clk 0:42:19]} 29. Kg1 {[%clk 0:02:08]} Qxg5
{[%clk 0:42:23]} 30. Rh3+ {[%clk 0:01:58]} Kg8 {[%clk 0:42:45]} 31. Qe6+
{[%clk 0:01:40]} R2f7 {[%clk 0:42:31]} 32. Rf1 {[%clk 0:01:06]} Qc5+
{[%clk 0:41:15]} 33. Kh1 {[%clk 0:00:59]} Qd5 {[%clk 0:41:39]} 34. Qxd5
{[%clk 0:01:05]} cxd5 {[%clk 0:42:03]} 35. Rxf7 {[%clk 0:01:32]} Kxf7
{[%clk 0:42:18]} 36. Rf3+ {[%clk 0:01:09]} Ke7 {[%clk 0:42:42]} 37. Re3+
{[%clk 0:01:22]} Kd6 {[%clk 0:42:51]} 38. Kg1 {[%clk 0:01:50]} Rf7
{[%clk 0:41:47]} 39. Rg3 {[%clk 0:02:02]} Rf6 {[%clk 0:41:58]} 40. Rd3
{[%clk 0:31:40]} b5 {[%clk 1:11:25]} 41. g3 {[%clk 0:29:46]} Kc5 {[%clk 1:10:42]}
42. Rd4 {[%clk 0:29:36]} a5 {[%clk 1:10:38]} 43. a3 {[%clk 0:28:42]} a4
{[%clk 1:10:22]} 44. Kg2 {[%clk 0:28:51]} Rf5 {[%clk 1:10:07]} 45. Rg4
{[%clk 0:28:25]} g5 {[%clk 1:10:19]} 46. Rd4 {[%clk 0:28:42]} Re5
{[%clk 1:08:47]} 47. Kf3 {[%clk 0:28:46]} Re4 {[%clk 1:08:55]} 48. Rd2
{[%clk 0:27:44]} g4+ {[%clk 1:09:16]} 49. Kf2 {[%clk 0:28:14]} Kc4
{[%clk 1:09:29]} 50. Kf1 {[%clk 0:28:26]} d4 {[%clk 1:09:21]} 51. cxd4
{[%clk 0:26:45]} Rxd4 {[%clk 1:09:42]} 52. Rf2 {[%clk 0:26:43]} Re4
{[%clk 1:09:05]} 53. Rd2 {[%clk 0:26:58]} Kb3 {[%clk 1:09:23]} 54. Rf2
{[%clk 0:27:24]} Rc4 {[%clk 1:09:38]} 0-1

[Event "World Chess Olympiad 2018"]
[Site "Batumi"]
[Date "2018.09.28"]
[Round "5"]
[Board "3"]
[WhiteFideId "4118464"]
[White "Scerbin Dmitrij"]
[BlackFideId "6700284"]
[Black "Arias Lemnys A."]
[Result "1-0"]
[LiveChessVersion "1.4.8"]
[BlackElo "2294"]
[WhiteElo "2264"]

1. e4 {[%clk 1:30:57]} c5 {[%clk 1:30:43]} 2. Nf3 {[%clk 1:30:55]} d6
{[%clk 1:31:06]} 3. c3 {[%clk 1:30:50]} Nf6 {[%clk 1:30:37]} 4. Bd3
{[%clk 1:30:24]} Nc6 {[%clk 1:25:39]} 5. h3 {[%clk 1:28:28]} d5 {[%clk 1:21:54]}
6. e5 {[%clk 1:22:07]} Nd7 {[%clk 1:22:18]} 7. Bb5 {[%clk 1:21:43]} e6
{[%clk 1:17:24]} 8. d4 {[%clk 1:18:08]} Be7 {[%clk 1:17:45]} 9. O-O
{[%clk 1:16:37]} a6 {[%clk 1:16:29]} 10. Ba4 {[%clk 1:10:48]} b5 {[%clk 1:15:24]}
11. Bc2 {[%clk 1:10:32]} Qb6 {[%clk 1:15:41]} 12. Be3 {[%clk 1:05:42]} Bb7
{[%clk 1:13:42]} 13. Nbd2 {[%clk 1:03:22]} Rc8 {[%clk 1:12:24]} 14. Nb3
{[%clk 0:57:27]} a5 {[%clk 1:06:22]} 15. dxc5 {[%clk 0:55:47]} Nxc5
{[%clk 1:04:45]} 16. Nbd4 {[%clk 0:54:39]} O-O {[%clk 1:00:58]} 17. Qb1
{[%clk 0:52:46]} g6 {[%clk 1:00:52]} 18. b4 axb4 {[%clk 0:57:27]} 19. cxb4
{[%clk 0:52:43]} Na6 {[%clk 0:51:35]} 20. Nxe6 {[%clk 0:47:33]} d4
{[%clk 0:52:04]} 21. Nexd4 {[%clk 0:46:04]} Ncxb4 {[%clk 0:51:55]} 22. Nf5
{[%clk 0:44:49]} Qc7 {[%clk 0:50:49]} 23. Nxe7+ {[%clk 0:44:38]} Qxe7
{[%clk 0:51:18]} 24. Be4 {[%clk 0:43:34]} Bxe4 {[%clk 0:51:43]} 25. Qxe4
{[%clk 0:43:53]} Rc4 {[%clk 0:52:03]} 26. Qb1 {[%clk 0:20:29]} Rfc8
{[%clk 0:52:07]} 27. Bg5 {[%clk 0:20:34]} Qe6 {[%clk 0:48:42]} 28. a3
{[%clk 0:19:29]} Nc2 {[%clk 0:48:45]} 29. Ra2 {[%clk 0:19:10]} Rc3
{[%clk 0:47:06]} 30. Rb2 {[%clk 0:10:32]} Qc4 {[%clk 0:38:20]} 31. Qd1
{[%clk 0:08:10]} Rxa3 {[%clk 0:25:46]} 32. e6 {[%clk 0:06:52]} fxe6
{[%clk 0:18:10]} 33. Qd7 {[%clk 0:06:08]} Nb8 {[%clk 0:17:37]} 34. Qxb5
{[%clk 0:06:04]} Qxb5 {[%clk 0:17:45]} 35. Rxb5 {[%clk 0:06:32]} Rxf3
{[%clk 0:09:54]} 36. gxf3 {[%clk 0:06:41]} Nd4 {[%clk 0:10:06]} 37. Ra5
{[%clk 0:06:31]} Nbc6 {[%clk 0:10:27]} 38. Rc5 {[%clk 0:06:29]} Nxf3+
{[%clk 0:10:50]} 39. Kg2 {[%clk 0:06:55]} Nxg5 {[%clk 0:11:15]} 40. Rxg5
{[%clk 0:37:14]} Ne7 {[%clk 0:41:41]} 41. Ra5 {[%clk 0:37:10]} Kf7
{[%clk 0:41:04]} 42. Ra7 {[%clk 0:36:15]} Rc6 {[%clk 0:41:16]} 43. Rb1
{[%clk 0:33:10]} e5 {[%clk 0:40:08]} 44. Rb8 {[%clk 0:29:10]} h6 {[%clk 0:40:16]}
45. Rh8 {[%clk 0:26:37]} Re6 {[%clk 0:39:56]} 46. Rxh6 {[%clk 0:26:26]} Kf6
{[%clk 0:40:20]} 47. Rh8 {[%clk 0:25:09]} Nf5 {[%clk 0:40:39]} 48. h4
{[%clk 0:24:26]} e4 {[%clk 0:41:05]} 49. Rf8+ {[%clk 0:21:51]} Ke5
{[%clk 0:40:33]} 50. Ra5+ {[%clk 0:19:09]} Kd4 {[%clk 0:40:40]} 51. h5
{[%clk 0:15:49]} e3 {[%clk 0:40:50]} 52. fxe3+ {[%clk 0:13:10]} Nxe3+
{[%clk 0:41:12]} 53. Kf3 {[%clk 0:13:23]} gxh5 {[%clk 0:41:17]} 54. Rf4+
{[%clk 0:13:41]} 1-0

[Event "World Chess Olympiad 2018"]
[Site "Batumi"]
[Date "2018.09.28"]
[Round "5"]
[Board "4"]
[WhiteFideId "6700187"]
[White "Burgos Figueroa Carlos E."]
[BlackFideId "24194662"]
[Black "Tersinsev Andrey"]
[Result "1-0"]
[LiveChessVersion "1.4.8"]
[BlackElo "2194"]
[WhiteElo "2222"]

1. Nf3 Nf6 2. g3 g6 3. b3 Bg7 4. Bb2 O-O 5. Bg2 c5 6. O-O d5 7. c4 Nc6 8. cxd5
Nb4 9. Qc1 Qb6 10. d4 cxd4 11. Bxd4 Qa6 12. Nc3 Nbxd5 13. Nxd5 Nxd5 14. Bxg7 Kxg7
15. Rd1 Nf6 16. Qb2 Bg4 17. h3 Bxf3 18. exf3 Rfd8 19. Re1 Rd7 20. g4 Kg8 21. f4
Rad8 22. Qe5 Qb6 23. Re2 Nd5 24. Bxd5 Rxd5 25. Qxe7 Rd3 26. Kg2 Qc6+ 27. Qe4 Qc3
28. Rae1 Qc7 29. Re3 R3d4 30. Qe5 Qc6+ 31. Rf3 Rd2 32. a4 R2d3 33. Ree3 Rd1 34.
Rc3 Qa6 35. Rc4 R1d5 36. Qc3 b5 37. Rc6 Qb7 38. Rc7 Qb6 39. a5 Qa6 40. b4 Qd6 41.
f5 Rd4 42. fxg6 fxg6 43. Qb3+ Qd5 44. Qxd5+ R8xd5 45. Rxa7 Rxb4 46. Re3 Kf8 47.
Rxh7 Ra4 48. Rf3+ Kg8 49. Rff7 b4 50. Rfg7+ Kf8 51. Ra7 Kg8 52. Rhb7 Rd8 53. a6
Ra2 54. Rg7+ Kf8 55. Raf7+ Ke8 56. a7 b3 57. Rb7 Kf8 58. Rgc7 b2 59. Rf7+ Kg8 60.
Rg7+ Kf8 61. Rxg6 Rxa7 62. Rf6+ Kg8 63. Rxb2 Rd3 64. Rb8+ Kg7 65. Rbf8 Rd4 66.
Rf4 Rd1 67. h4 1-0

[Event "World Chess Olympiad 2018"]
[Site "Batumi"]
[Date "2018.09.28"]
[Round "5"]
[Board "1"]
[WhiteFideId "4101898"]
[White "Babarykin Stanislav"]
[BlackFideId "1900072"]
[Black "Galego Luis"]
[Result "1-0"]
[LiveChessVersion "1.4.8"]
[BlackElo "2471"]
[WhiteElo "2396"]

1. d4 {[%clk 1:30:51]} Nf6 {[%clk 1:30:35]} 2. Bf4 {[%clk 1:31:07]} d6
{[%clk 1:29:43]} 3. Nf3 {[%clk 1:29:44]} g6 {[%clk 1:29:04]} 4. h3
{[%clk 1:25:19]} Bg7 {[%clk 1:28:59]} 5. e3 {[%clk 1:25:44]} O-O {[%clk 1:27:09]}
6. Be2 {[%clk 1:26:07]} c5 {[%clk 1:25:07]} 7. c3 {[%clk 1:26:28]} Qb6
{[%clk 1:23:43]} 8. Qb3 {[%clk 1:26:42]} Qxb3 {[%clk 1:16:48]} 9. axb3
{[%clk 1:27:06]} Nd5 {[%clk 1:16:46]} 10. Bg3 {[%clk 1:15:46]} cxd4
{[%clk 1:08:40]} 11. exd4 {[%clk 1:15:55]} Nc6 {[%clk 1:08:14]} 12. b4
{[%clk 1:14:31]} e5 {[%clk 1:03:43]} 13. b5 {[%clk 1:08:03]} Nce7
{[%clk 1:03:17]} 14. dxe5 {[%clk 1:08:16]} dxe5 {[%clk 1:02:01]} 15. Bxe5
{[%clk 1:00:49]} Bxe5 {[%clk 1:01:44]} 16. Nxe5 {[%clk 1:01:15]} Nf4
{[%clk 1:02:05]} 17. Bf3 {[%clk 0:57:48]} f6 {[%clk 1:00:11]} 18. Nc4
{[%clk 0:52:00]} Nd3+ {[%clk 0:59:22]} 19. Ke2 {[%clk 0:49:51]} Nf4+
{[%clk 0:59:39]} 20. Kf1 {[%clk 0:37:43]} Be6 {[%clk 0:49:33]} 21. Nbd2
{[%clk 0:35:22]} Rac8 {[%clk 0:48:41]} 22. b3 {[%clk 0:28:50]} Rfd8
{[%clk 0:40:37]} 23. Rxa7 {[%clk 0:19:46]} Rd3 {[%clk 0:37:19]} 24. Kg1
{[%clk 0:14:27]} Nf5 {[%clk 0:16:06]} 25. Bxb7 {[%clk 0:11:27]} Rb8
{[%clk 0:11:39]} 26. Kh2 {[%clk 0:09:29]} Rd7 {[%clk 0:11:53]} 27. g3
{[%clk 0:02:39]} Nd3 {[%clk 0:08:11]} 28. Bd5 {[%clk 0:02:54]} Rxd5
{[%clk 0:08:28]} 29. Ne4 {[%clk 0:02:56]} Rf8 {[%clk 0:07:05]} 30. g4
{[%clk 0:01:35]} Ng7 {[%clk 0:05:22]} 31. b6 {[%clk 0:01:57]} Rb5
{[%clk 0:05:34]} 32. Rd1 {[%clk 0:01:58]} Nf4 {[%clk 0:02:32]} 33. b7
{[%clk 0:01:15]} Bd5 {[%clk 0:01:48]} 34. Ncd6 {[%clk 0:00:44]} Rxb3
{[%clk 0:01:55]} 35. Nc5 {[%clk 0:01:04]} Rb2 {[%clk 0:02:01]} 36. Rxd5 Nxd5
{[%clk 0:02:23]} 37. Nd7 {[%clk 0:01:24]} Ne6 {[%clk 0:00:45]} 38. Nxf8 Kxf8
{[%clk 0:01:05]} 39. Ra8+ {[%clk 0:01:45]} Ke7 {[%clk 0:01:31]} 40. Nc8+
{[%clk 0:32:10]} Kd7 {[%clk 0:31:57]} 41. b8=Q Rxb8 {[%clk 0:32:23]} 42. Rxb8
{[%clk 0:33:05]} Kc7 {[%clk 0:32:23]} 43. Ra8 {[%clk 0:29:27]} Nxc3
{[%clk 0:23:36]} 44. Ne7 {[%clk 0:29:19]} Kd6 {[%clk 0:23:36]} 45. Ng8
{[%clk 0:24:34]} f5 {[%clk 0:21:35]} 46. gxf5 {[%clk 0:21:59]} gxf5
{[%clk 0:22:04]} 47. Nh6 {[%clk 0:21:32]} f4 {[%clk 0:18:46]} 48. Kg2
{[%clk 0:18:08]} Ne4 {[%clk 0:18:39]} 49. Kf3 {[%clk 0:17:10]} Nd2+
{[%clk 0:17:26]} 50. Kg4 {[%clk 0:17:20]} Ke5 {[%clk 0:17:08]} 51. Nf7+
{[%clk 0:13:45]} Kf6 {[%clk 0:17:18]} 52. Nd8 {[%clk 0:13:45]} Nc7
{[%clk 0:14:38]} 53. Ra4 {[%clk 0:13:29]} Kg6 {[%clk 0:14:05]} 54. Rxf4
{[%clk 0:11:47]} Nd5 {[%clk 0:14:12]} 55. Rd4 {[%clk 0:11:43]} h5+
{[%clk 0:14:12]} 56. Kg3 {[%clk 0:12:00]} Nf6 {[%clk 0:14:37]} 57. f3
{[%clk 0:11:54]} Nb3 {[%clk 0:15:01]} 58. Rd1 {[%clk 0:11:20]} Nc5
{[%clk 0:15:04]} 59. h4 {[%clk 0:11:22]} Kf5 {[%clk 0:14:33]} 60. Nf7
{[%clk 0:11:30]} Ne6 {[%clk 0:14:41]} 61. Nd6+ {[%clk 0:11:38]} Ke5
{[%clk 0:14:57]} 62. Nc4+ {[%clk 0:11:59]} Kf5 {[%clk 0:15:24]} 63. Re1
{[%clk 0:11:55]} Nd4 {[%clk 0:15:22]} 64. Nd6+ {[%clk 0:11:58]} Kg6
{[%clk 0:15:49]} 65. Kf4 {[%clk 0:12:12]} Nd7 {[%clk 0:15:01]} 66. Nc4
{[%clk 0:11:02]} Kf6 {[%clk 0:15:23]} 67. Ne3 {[%clk 0:10:59]} Ne6+
{[%clk 0:15:29]} 68. Kg3 {[%clk 0:11:00]} Ne5 {[%clk 0:15:13]} 69. Nd5+
{[%clk 0:10:38]} Kf5 {[%clk 0:15:42]} 70. Re4 {[%clk 0:10:59]} Ng6
{[%clk 0:15:31]} 71. Ne3+ {[%clk 0:11:06]} Kf6 {[%clk 0:15:59]} 72. Ra4
{[%clk 0:11:21]} Ne5 {[%clk 0:15:37]} 73. Ra6 {[%clk 0:11:28]} Nd3
{[%clk 0:14:51]} 74. Nd5+ {[%clk 0:11:23]} Ke5 {[%clk 0:15:00]} 75. Ra5
{[%clk 0:11:50]} Ndc5 {[%clk 0:14:46]} 76. Nf4 {[%clk 0:12:14]} 1-0